| 000 | 00380nam a2200157Ia 4500 | ||
|---|---|---|---|
| 999 |
_c3071 _d3071 |
||
| 020 | _a81-7888-164-0 | ||
| 082 | _a330.954 QUE-I | ||
| 100 | _aQureshi, M.S; | ||
| 245 | 0 | _aIndian economy | |
| 260 |
_aNew Delhi _bDominant Publishers _c2004 |
||
| 300 | _aix, 293p. | ||
| 504 | _aIncludes bibliography | ||
| 650 | _aIndia - Economic conditions | ||
| 650 | _aEconomics | ||
| 942 | _cBK | ||